| 000 | 00787nam a2200229 a 4500 | ||
|---|---|---|---|
| 001 | 000022714 | ||
| 005 | 20200930021744.0 | ||
| 008 | 101116s1973 sp r 000 0aspa d | ||
| 020 | _a8471561417 | ||
| 040 |
_aDO-SdBNP _bspa _cBNPHU |
||
| 082 |
_a923.187 _bB689R, 1973 |
||
| 100 | 1 |
_aRumázo González, Alfonso, _d1903-2002 _946685 |
|
| 245 | 1 | 0 |
_aSimón Bolivar : _bbiografía / _cAlfonso Rumázo González. |
| 250 | _a5a ed. | ||
| 260 |
_aMadrid : _bMediterraneo, _c1973. |
||
| 300 |
_a264 p. ; _c19 cm. |
||
| 500 | _aIncluye cronología | ||
| 500 | _aIncluye notas al pie de página | ||
| 600 | 1 | 4 |
_aSIMÓN, BOLIVAR, _d1783-1830 _qSIMÓN JOSÉ ANTONIO DE LA SANTÍSIMA TRINIDAD BOLÍVAR Y PALACIOS _946686 |
| 600 | 1 | 4 |
_aSIMÓN, BOLIVAR, _d1783-1830 _xBIOGRAFÍA _946687 |
| 049 | _aBNGR | ||
| 999 |
_c22211 _d22211 |
||